Manažment v teórii a praxi zborník príspevkov z vedeckej konferencie doktorandov a mladých vedeckých pracovníkov : 6. 12. 2012, Bratislava

Salvato in:
Dettagli Bibliografici
Enti autori: Manažment v teórii a praxi. Vedecká konferencia doktorandov a mladých vedeckých pracovníkov, Univerzita Komenského v Bratislave. Fakulta managementu
Altri autori: Komorník, Jozef, Rudy, Ján
Natura: Libro
Lingua:slovacco
inglese
Pubblicazione: Bratislava Univerzita Komenského v Bratislave 2012
Soggetti:
Tags: Aggiungi Tag
Nessun Tag, puoi essere il primo ad aggiungerne!!

MARC

LEADER 00000nlm a2200000 4500
001 0167810
005 20251027121414.2
020 |a 978-80-223-3351-1 
041 0 |a slo 
041 0 |a eng 
044 |a SK 
245 1 0 |a Manažment v teórii a praxi  |b zborník príspevkov z vedeckej konferencie doktorandov a mladých vedeckých pracovníkov : 6. 12. 2012, Bratislava 
264 1 |a Bratislava  |b Univerzita Komenského v Bratislave  |c 2012 
300 |a CD-ROM [459 s.] 
610 2 0 |a manažment 
610 2 0 |a riadenie ľudských zdrojov 
610 2 0 |a riadenie podnikové 
610 2 0 |a marketing 
610 2 0 |a ruch cestovný 
610 2 0 |a nezamestnanosť 
700 1 |a Komorník, Jozef 
700 1 |a Rudy, Ján 
110 2 |a Manažment v teórii a praxi. Vedecká konferencia doktorandov a mladých vedeckých pracovníkov 
710 2 |a Univerzita Komenského v Bratislave. Fakulta managementu